000 01815cam a22004694i 4500
003 PE-LiUPU
005 20250731173520.0
008 150616s r 000 0 d
020 _a0881771171
035 _a(Sirsi) i9780881771176
040 _aPE-LiUPU
_bspa
_cPE-LiUPU
_erda
049 _aPRUA
082 0 4 _a254.5
_bM28
_221
100 1 _aMathison, John,
_eautor.
245 1 0 _aTried & True: Eleven Principles of Church Growth from Frazer Memorial United Methodist Church.
264 1 _aNashville :
_bDiscipleship Resources Editorial Offices,
_c1992.
300 _a116 páginas :
_bilustraciones (gráficos) ;
_c21 centímetros
336 _atext
_2rdacontent
337 _aunmediated
_2rdamedia
338 _avolume
_2rdacarrier
504 _aBibliografía: páginas 115-116.
505 0 _aDesignate a Planning Groupáginas- Define the Priorities.- Decide to Grow.- Diagnose Health.- Document Demographics.- Determine Needs.-Delineate Strengths and Weaknesses.- Delegate the Ministry.- Design Exciting, Meaningfl Worship.- Develop Staff.- Depend on god.
526 _aSEG42
526 _aSEG41
526 _aSEG40
526 _aSEG39
526 _aP94
526 _aP87
526 _aP86
526 _aP85
526 _aP77
526 _aP76
526 _aP35
650 0 4 _aCRECIMIENTO DE IGLESIA.
910 _ajck
_bjvq
_cjck
942 _2ddc
_cBOOK
949 _a254.5 M28
_wDEWEY
_c1
_i41857
_lCCODEBUL1
_mBUL
_r0
_sY
_tBOOK
_u2015-6-16
_xTEOLOGIA
_zUNKNOWN
_0COMPRA
_o.STAFF. Colección General
994 _aC0
_bPEPRU
596 _a1
999 _a254.5 M28
_wDEWEY
_c59618
_i41857
_f2021-11-10
_g6
_lCCODEBUL1
_mBUL
_r0
_sY
_tBOOK
_u2015-6-16
_xTEOLOGIA
_zUNKNOWN
_0COMPRA
_o.STAFF. Colección General
_d59618
980 _81
_gALBERTO SANCHEZ Responsable de Automatización